The noble scholar, jurist, historian


 His Excellency Dr. Abdul Wahhab bin Ibrahim Abu Sulaiman, may Allah have mercy on him.


 He was born in Umm Al-Qura in the year 1356 AH.

روح الإسلام / (Record no. 12828)

MARC details
000 -LEADER
fixed length control field 01358cam a2200289 i 4500
003 - CONTROL NUMBER IDENTIFIER
control field SA-RiAUC
005 - DATE AND TIME OF LATEST TRANSACTION
control field 20251030123016.0
008 - FIXED-LENGTH DATA ELEMENTS--GENERAL INFORMATION
fixed length control field 251023s1981 le g 000 0 ara c
040 ## - CATALOGING SOURCE
Original cataloging agency SA-JeALM
Language of cataloging ara
Transcribing agency SA-RiAUC
Description conventions rda
082 04 - DEWEY DECIMAL CLASSIFICATION NUMBER
Classification number 210.8
090 ## - LOCALLY ASSIGNED LC-TYPE CALL NUMBER (OCLC); LOCAL CALL NUMBER (RLIN)
Classification number (OCLC) (R) ; Classification number, CALL (RLIN) (NR) 210.8
Local cutter number (OCLC) ; Book number/undivided call number, CALL (RLIN) ا م ي
100 0# - MAIN ENTRY--PERSONAL NAME
Personal name أمير علي بن سعادت علي الهندي،
Dates associated with a name 1265-1347 هجري
Relator term مؤلف.
240 00 - UNIFORM TITLE
Uniform title The spirit of Islam : a history of the evolution and ideals of Islam, with a life of the Prophet.
Language of a work Arabic
245 10 - TITLE STATEMENT
Title روح الإسلام /
Statement of responsibility, etc. سيد أمير علي ؛ تعريب عمر الديراوي.
250 ## - EDITION STATEMENT
Edition statement الطبعة الثانية.
264 #1 - PRODUCTION, PUBLICATION, DISTRIBUTION, MANUFACTURE, AND COPYRIGHT NOTICE
Place of production, publication, distribution, manufacture بيروت :
Name of producer, publisher, distributor, manufacturer دار العلم للملايين،
Date of production, publication, distribution, manufacture, or copyright notice 1968
300 ## - PHYSICAL DESCRIPTION
Extent 448 صفحة ؛
Dimensions 24 سم
336 ## - CONTENT TYPE
Content type term نص
Content type code txt
Source rdacontent
Materials specified كتاب
337 ## - MEDIA TYPE
Media type term بدون وسيط
Media type code n
Source rdamedia
338 ## - CARRIER TYPE
Carrier type term مجلد
Carrier type code nc
Source rdacarrier
650 #7 - SUBJECT ADDED ENTRY--TOPICAL TERM
Topical term or geographic name entry element الإسلام
Form subdivision متفرقات
Source of heading or term aucsh
650 #7 - SUBJECT ADDED ENTRY--TOPICAL TERM
Topical term or geographic name entry element الإسلام
Form subdivision مقالات ومحاضرات
Source of heading or term aucsh
700 1# - ADDED ENTRY--PERSONAL NAME
Personal name الديراوي، عمر،
Dates associated with a name 1928-2007
Relator term معرب.
700 02 - ADDED ENTRY--PERSONAL NAME
Relationship information ترجمة لـ :
Personal name أمير علي بن سعادت علي الهندي،
Dates associated with a name 1265-1347 هجري
Title of a work The spirit of Islam : a history of the evolution and ideals of Islam, with a life of the Prophet.
942 ## - ADDED ENTRY ELEMENTS (KOHA)
Source of classification or shelving scheme Dewey Decimal Classification
Koha item type Books
Suppress in OPAC No
949 ## - LOCAL PROCESSING INFORMATION (OCLC)
a SA-JeALM
d 251023
u mohamedma123
n 1
Holdings
Withdrawn status Lost status Source of classification or shelving scheme Damaged status Not for loan Home library Current library Date acquired Total checkouts Full call number Barcode Date last seen Price effective from Koha item type
    Dewey Decimal Classification     DR AbdElwahab Library DR AbdElwahab Library 10/30/2025   210.8 ا م ي 000020622 10/30/2025 10/30/2025 Books